000 00393nam a2200133Ia 4500
005 20260326235439.0
008 260326s9999||||xx |||||||||||||| ||und||
100 _aUniversidad Nacional Autónoma de México
245 0 _aMateriales y procedimientos de Construcción /
_cUniversidad Nacional Autónoma de México
260 _bDiana
300 _a165 p.
650 _aCONSTRUCCIÓN
942 _cBK
999 _c7321
_d7321